000 00472nam a2200169Ia 4500
999 _c26120
_d26120
003 OSt
005 20201118114806.0
008 190216s9999||||xx |||||||||||||| ||und||
040 _coclc
082 _a920
_bMAR/O
100 _aMarar, S K
_96721
245 0 _aOrmakalil Jeevippavar /
_cS K Marar
260 _bNational Book Stall,
_aKottayam:
_c1985.
300 _a104p
650 _aJeeva Charithram
942 _cBK
_2ddc
_h920
_iMAR/O
_k920
_mMAR/O